Культурология: учебное пособие

Dettagli Bibliografici
Altri autori: Драч Г. В. (редактор)
Riassunto:Исключено из фонда НТБ ТПУ
Lingua:russo
Pubblicazione: Ростов-на-Дону, Феникс, 1995
Natura: MixedMaterials Libro
KOHA link:https://koha.lib.tpu.ru/cgi-bin/koha/opac-detail.pl?biblionumber=854

MARC

LEADER 00000nam0a2200000 4500
001 854
005 20231030172818.0
010 |a 5858802583 
035 |a (RuTPU)RU\TPU\book\858 
035 |a BOOK00000859 
090 |a 854 
100 |a 20011209d1995 m y0rusy50 ca 
101 0 |a rus 
102 |a RU 
105 |a y j 000zy 
200 1 |a Культурология  |e учебное пособие  |f Под ред. Г. В. Драча 
210 |a Ростов-на-Дону  |c Феникс  |d 1995 
215 |a 576 с. 
333 |a Исключено из фонда НТБ ТПУ 
702 1 |a Драч  |b Г. В.  |4 340 
801 0 |a RU  |b 63413507  |c 20011209  |g PSBO 
801 2 |a RU  |b 63413507  |c 20210208  |g PSBO 
942 |c BK